000 00278nam a22001217a 4500
008 181024b xxu||||| |||| 00| 0 eng d
041 _aeng
080 _24th
_a540
100 _a12
101 _aKIM
245 _aThe ABC of Acid-Base Chemistry
_cDvenport,H.W
942 _2udc
_cBK
999 _c50830
_d50830